Welcome to WEB OPAC of MRSPTU Central Library

Heat Transfer (Record no. 6632)

MARC details
000 -LEADER
fixed length control field 00416nam a2200169Ia 4500
008 - FIXED-LENGTH DATA ELEMENTS--GENERAL INFORMATION
fixed length control field 230711s9999||||xx |||||||||||||| ||und||
020 ## - INTERNATIONAL STANDARD BOOK NUMBER
International Standard Book Number 978-0-19-807997-2
041 ## - LANGUAGE CODE
Language code of text/sound track or separate title ENG
082 ## - DEWEY DECIMAL CLASSIFICATION NUMBER
Classification number 621.4022
Item number GH-H
100 ## - MAIN ENTRY--PERSONAL NAME
Personal name Ghoshdastidar.P.S
245 #0 - TITLE STATEMENT
Title Heat Transfer
250 ## - EDITION STATEMENT
Edition statement 2nd Ed.
260 ## - PUBLICATION, DISTRIBUTION, ETC.
Date of publication, distribution, etc. 2012
Place of publication, distribution, etc. New Delhi
Name of publisher, distributor, etc. Oxford University Press
300 ## - PHYSICAL DESCRIPTION
Extent 620p.
650 ## - SUBJECT ADDED ENTRY--TOPICAL TERM
Topical term or geographic name entry element Mechanical Engineering
942 ## - ADDED ENTRY ELEMENTS (KOHA)
Koha item type Book
Holdings
Withdrawn status Lost status Damaged status Not for loan Collection Home library Current library Date acquired Source of acquisition Cost, normal purchase price Inventory number Total checkouts Full call number Barcode Date last seen Price effective from Koha item type
          MRSPTU Central Library MRSPTU Central Library 08/08/2043 Krishna Book Distributors 425.00 KBD/2017-2018/1019243059   621.4022 GH-H 39382 08/17/2023 08/17/2023 Book
          MRSPTU Central Library MRSPTU Central Library 08/08/2043 Krishna Book Distributors 425.00 KBD/2017-2018/1019243059   621.4022 GH-H 39383 08/17/2023 08/17/2023 Book
          MRSPTU Central Library MRSPTU Central Library 08/08/2043 Krishna Book Distributors 425.00 KBD/2017-2018/1019243059   621.4022 GH-H 39384 08/17/2023 08/17/2023 Book
          MRSPTU Central Library MRSPTU Central Library 08/08/2043 Krishna Book Distributors 425.00 KBD/2017-2018/1019243059   621.4022 GH-H 39385 08/17/2023 08/17/2023 Book
          MRSPTU Central Library MRSPTU Central Library 08/08/2043 Krishna Book Distributors 425.00 KBD/2017-2018/1019243059   621.4022 GH-H 39386 08/17/2023 08/17/2023 Book
          MRSPTU Central Library MRSPTU Central Library 08/08/2043 Krishna Book Distributors 425.00 KBD/2017-2018/1019243059   621.4022 GH-H 39387 08/17/2023 08/17/2023 Book

Website Designed and Developed by MRSPTU Central Library Team

E-mail Id: librarian@mrsptu.ac.in